GU REN BI NI GENG HUI WAN 2 / (Record no. 190188)

MARC details
000 -LEADER
fixed length control field 00889nam a2200265 i 4500
003 - CONTROL NUMBER IDENTIFIER
control field OSt
005 - DATE AND TIME OF LATEST TRANSACTION
control field 20221211114659.0
008 - FIXED-LENGTH DATA ELEMENTS--GENERAL INFORMATION
fixed length control field 221124s2020 chi gr 000 0 chi d
020 ## - INTERNATIONAL STANDARD BOOK NUMBER
International Standard Book Number 9787559359483
Terms of availability RM 66.00
Qualifying information paperback
040 ## - CATALOGING SOURCE
Original cataloging agency PPAK
Language of cataloging eng
Transcribing agency PPAK
Description conventions rda
082 04 - DEWEY DECIMAL CLASSIFICATION NUMBER
Classification number 951
Edition number 23
090 00 - LOCALLY ASSIGNED LC-TYPE CALL NUMBER (OCLC); LOCAL CALL NUMBER (RLIN)
Classification number (OCLC) (R) ; Classification number, CALL (RLIN) (NR) 951
Feature heading HUA
Feature heading G
100 0# - MAIN ENTRY--PERSONAL NAME
Personal name Huang, Sang,
Relator term author.
245 10 - TITLE STATEMENT
Title GU REN BI NI GENG HUI WAN 2 /
Statement of responsibility, etc. Huang Sang
246 33 - VARYING FORM OF TITLE
Title proper/short title Gǔrén bǐ nǐ gèng huì wán 2
Title proper/short title The ancients knew how to play better than you. 2
264 #1 - PRODUCTION, PUBLICATION, DISTRIBUTION, MANUFACTURE, AND COPYRIGHT NOTICE
Place of production, publication, distribution, manufacture China :
Name of producer, publisher, distributor, manufacturer Heilongjiang Fine Arts Publishing House;
Date of production, publication, distribution, manufacture, or copyright notice 2020
300 ## - PHYSICAL DESCRIPTION
Extent 265 pages :
Other physical details colour illustrations,
Dimensions 23 cm
336 ## - CONTENT TYPE
Content type term text
Source rdacontent
337 ## - MEDIA TYPE
Media type term unmediated
Source rdamedia
338 ## - CARRIER TYPE
Carrier type term volume
Source rdacarrier
651 10 - SUBJECT ADDED ENTRY--GEOGRAPHIC NAME
Geographic name China
Form subdivision Caricatures and cartoons
General subdivision History
880 ## - ALTERNATE GRAPHIC REPRESENTATION
Linkage 245-1
a 古人比你更会玩. 2 / 黃桑編繪
942 ## - ADDED ENTRY ELEMENTS (KOHA)
Source of classification or shelving scheme Dewey Decimal Classification
Koha item type Book
Holdings
Withdrawn Not for loan Current library Shelving location Date acquired Total Checkouts Total Renewals Full call number Barcode Date last seen Date last checked out Koha item type
    Perpustakaan Alor Setar Pinjaman Dewasa 11/01/2023 5 2 951 HUA A01765757 27/12/2025 21/12/2025 Book
    Perpustakaan Awam Sungai Petani Pinjaman Dewasa 11/01/2023 10 3 951 HUA A01765758 28/06/2026 07/06/2026 Book